Normal view
MARC view
- Spark ignition engines
Entry Topical Term
001 - CONTROL NUMBER
- control field: 6050
003 - CONTROL NUMBER IDENTIFIER
- control field: NUST
005 - DATE AND TIME OF LATEST TRANSACTION
- control field: 20171107102519.0
008 - FIXED-LENGTH DATA ELEMENTS
- fixed length control field: 171107|| aca||aabn | a|a d
040 ## - CATALOGING SOURCE
- Original cataloging agency: NUST
- Transcribing agency: NUST
150 ## - HEADING--TOPICAL TERM
- Topical term or geographic name entry element: Spark ignition engines
- General subdivision: Alternative fuels.
670 ## - SOURCE DATA FOUND
- Source citation: Work cat.: (NUST)0: Alternative fuels for transportation /, c2011.
